[Event "Berlin Spandau op"]
[Site "Berlin"]
[Date "2019.12.27"]
[Round "2"]
[White "Pedersen, Henrik Bolding"]
[Black "Hahn, Thomas"]
[Result "1/2-1/2"]
[WhiteElo "2132"]
[BlackElo "1928"]
[PlyCount "37"]
[EventDate "2019.12.27"]
[EventType "swiss"]
[EventRounds "7"]
[EventCountry "GER"]
[SourceTitle "CBM 194 Extra"]
[Source "ChessBase"]
[SourceDate "2020.03.31"]
[SourceVersion "1"]
[SourceVersionDate "2020.03.31"]
[SourceQuality "1"]

1. e4 d5 2. exd5 Qxd5 3. Nc3 Qa5 4. Bc4 c6 5. d4 Nf6 6. Bd2 Bf5 7. Nf3 Nbd7 8. Qe2 e6 9. d5 cxd5 10. Nxd5 Qd8 11. 0-0-0 Nxd5 12. Bxd5 Qc7 13. Be4 Bxe4 14. Qxe4 Be7 15. Bf4 Qc8 16. Ne5 Nc5 17. Qe2 0-0 18. Nd3 Rd8 19. Nxc5 1/2-1/2

[Event "Arco op 41st"]
[Site "Arco"]
[Date "2019.10.06"]
[Round "3"]
[White "Pedersen, Henrik Bolding"]
[Black "Meyer, Thorsten1111"]
[Result "1/2-1/2"]
[WhiteElo "2147"]
[BlackElo "1921"]
[PlyCount "89"]
[EventDate "2019.10.04"]
[EventType "swiss"]
[EventRounds "9"]
[EventCountry "ITA"]
[SourceTitle "EXT 2020"]
[Source "ChessBase"]
[SourceDate "2019.10.17"]
[SourceVersion "1"]
[SourceVersionDate "2019.10.17"]
[SourceQuality "1"]

1. d4 Nf6 2. Bf4 d6 3. Nf3 g6 4. e3 Bg7 5. Be2 0-0 6. h3 Nc6 7. 0-0 Nd7 8. c4 e5 9. Bh2 exd4 10. exd4 Qf6 11. d5 Nd4 12. Nxd4 Qxd4 13. Nc3 Qxd1 14. Raxd1 Bxc3 15. bxc3 Re8 16. Rfe1 Nc5 17. Bf4 b6 18. Be3 Ba6 19. Bd4 Kf8 20. f3 Nd7 21. Bf1 f6 22. Kf2 Rxe1 23. Rxe1 Re8 24. Rb1 Bc8 25. f4 Kf7 26. Bd3 Nb8 27. Rb2 Bd7 28. Be3 Rc8 29. Bd4 Re8 30. g4 Na6 31. a4 Nc5 32. Bxc5 dxc5 33. a5 Ke7 34. Ra2 Kd6 35. axb6 axb6 36. Be2 Rb8 37. Ra7 Re8 38. Bf3 Rh8 39. h4 h6 40. Ra1 Rc8 41. Kg3 Re8 42. Kf2 Rg8 43. Ra2 Re8 44. Ra1 Rg8 45. Ra2 1/2-1/2

[Event "Arco op-A 39th"]
[Site "Arco"]
[Date "2017.10.13"]
[Round "7"]
[White "Ruecker, Benjamin"]
[Black "Pedersen, Henrik Bolding"]
[Result "1-0"]
[WhiteElo "2261"]
[BlackElo "2125"]
[PlyCount "69"]
[EventDate "2017.10.07"]
[EventType "swiss"]
[EventRounds "9"]
[EventCountry "ITA"]
[SourceTitle "CBM 181 Extra"]
[Source "ChessBase"]
[SourceDate "2017.12.12"]
[SourceVersion "1"]
[SourceVersionDate "2017.12.12"]
[SourceQuality "1"]

1. c4 e6 2. Nc3 d5 3. e3 Nf6 4. Nf3 Bd6 5. b3 Nbd7 6. Bb2 c6 7. Qc2 Qe7 8. Be2 0-0 9. 0-0 Re8 10. Rfe1 e5 11. cxd5 Nxd5 12. Ne4 Ba3 13. Neg5 g6 14. Bxa3 Qxa3 15. d3 Qe7 16. Ne4 N7f6 17. Ned2 Nb4 18. Qb2 Bf5 19. e4 Bg4 20. a3 Na6 21. d4 exd4 22. Bxa6 bxa6 23. Nxd4 c5 24. Nc6 Qd6 25. Na5 Qe7 26. Rac1 Nh5 27. Qc3 Rac8 28. Nac4 Nf4 29. Qe3 g5 30. e5 Red8 31. Nd6 Rc6 32. f3 Be6 33. N2e4 Rb8 34. Nf6+ Kh8 35. Qe4 1-0

[Event "Politiken Cup 36th"]
[Site "Helsingor"]
[Date "2014.07.28"]
[Round "9"]
[White "Neffe, Axel"]
[Black "Pedersen, Henrik Bolding"]
[Result "1-0"]
[WhiteElo "2252"]
[BlackElo "2134"]
[PlyCount "51"]
[EventDate "2014.07.21"]
[EventType "swiss"]
[EventRounds "10"]
[EventCountry "DEN"]
[SourceTitle "CBM 161 Extra"]
[Source "ChessBase"]
[SourceDate "2014.08.29"]
[SourceVersion "1"]
[SourceVersionDate "2014.08.29"]
[SourceQuality "1"]

1. d4 Nf6 2. c4 e6 3. Nc3 d5 4. cxd5 exd5 5. Bg5 c6 6. Qc2 Nbd7 7. e3 Be7 8. Bd3 Nh5 9. Bxe7 Qxe7 10. Nge2 Nb6 11. h3 g6 12. 0-0-0 Be6 13. Kb1 0-0-0 14. f3 Kb8 15. Rhe1 Rhe8 16. Na4 Nxa4 17. Qxa4 Ng7 18. Nc3 Qd6 19. Qc2 Bc8 20. Qf2 h5 21. Bc2 Re7 22. e4 Be6 23. Qh4 Red7 24. Qg5 dxe4 25. fxe4 Qb4 26. Qe5+ 1-0

[Event "Politiken Cup 36th"]
[Site "Helsingor"]
[Date "2014.07.26"]
[Round "7"]
[White "Louis, Thibault"]
[Black "Pedersen, Henrik Bolding"]
[Result "0-1"]
[WhiteElo "2249"]
[BlackElo "2134"]
[PlyCount "76"]
[EventDate "2014.07.21"]
[EventType "swiss"]
[EventRounds "10"]
[EventCountry "DEN"]
[SourceTitle "CBM 161 Extra"]
[Source "ChessBase"]
[SourceDate "2014.08.29"]
[SourceVersion "1"]
[SourceVersionDate "2014.08.29"]
[SourceQuality "1"]

1. e4 c6 2. d4 d5 3. e5 c5 4. dxc5 Nc6 5. Nf3 Bg4 6. c3 e6 7. b4 Qc7 8. Nbd2 Nge7 9. Qa4 Bxf3 10. Nxf3 Ng6 11. b5 Qa5 12. Qxa5 Nxa5 13. Be3 Be7 14. Rb1 0-0 15. Rb4 Rfc8 16. Ra4 Bd8 17. Bd3 Nf8 18. Kd2 Nd7 19. c6 bxc6 20. bxc6 Nxc6 21. Rb1 Ncxe5 22. Nxe5 Nxe5 23. Rxa7 Nc6 24. Rxa8 Rxa8 25. Rb2 Bf6 26. a4 g6 27. Bb5 Rc8 28. Ba6 Rc7 29. Rb7 Rxb7 30. Bxb7 Na5 31. Ba6 Bd8 32. Bc5 Nb3+ 33. Ke3 Nxc5 34. Bb5 Bb6 35. Kf4 f6 36. g4 Kf7 37. h4 Ba5 38. c4 d4 0-1

[Event "Teplice op 8th"]
[Site "Teplice"]
[Date "2013.06.16"]
[Round "2"]
[White "Pedersen, Henrik Bolding"]
[Black "Kristiansen, Jens"]
[Result "1/2-1/2"]
[WhiteElo "2111"]
[BlackElo "2412"]
[PlyCount "88"]
[EventDate "2013.06.15"]
[EventType "swiss"]
[EventRounds "9"]
[EventCountry "CZE"]
[SourceTitle "CBM 155 Extra"]
[Source "ChessBase"]
[SourceDate "2013.08.26"]
[SourceVersion "1"]
[SourceVersionDate "2013.08.26"]
[SourceQuality "1"]

1. e4 c5 2. c3 d5 3. exd5 Qxd5 4. d4 Nc6 5. Nf3 Bg4 6. Nbd2 cxd4 7. Bc4 Bxf3 8. Qxf3 Qxf3 9. Nxf3 dxc3 10. bxc3 e6 11. Rb1 0-0-0 12. Bb5 Bd6 13. Be3 Nge7 14. Ng5 Rdf8 15. 0-0 a6 16. Ba4 Nd5 17. Bxc6 bxc6 18. Ne4 Rd8 19. Bd4 f6 20. c4 Nc7 21. Ba7 Ne8 22. Rfd1 Bc7 23. Rxd8+ Kxd8 24. Nc5 e5 25. Nxa6 Rf8 26. Nb4 Nd6 27. Rd1 Kc8 28. Bc5 Rd8 29. Nxc6 Rd7 30. Na7+ Kd8 31. Bxd6 Rxd6 32. Rxd6+ Bxd6 33. Nb5 Bc5 34. Kf1 Kd7 35. f3 Kc6 36. Ke2 f5 37. g4 g6 38. Kd3 e4+ 39. Ke2 exf3+ 40. Kxf3 fxg4+ 41. Kxg4 Bb4 42. h4 Kc5 43. h5 gxh5+ 44. Kxh5 Kxc4 1/2-1/2

[Event "Odense Andersen op"]
[Site "Odense"]
[Date "2013.05.11"]
[Round "6"]
[White "Jensen, Tobias Ilsoe"]
[Black "Pedersen, Henrik Bolding"]
[Result "1/2-1/2"]
[WhiteElo "1905"]
[BlackElo "2125"]
[PlyCount "83"]
[EventDate "2013.05.08"]
[EventType "swiss"]
[EventRounds "9"]
[EventCountry "DEN"]
[SourceTitle "CBM 154 Extra"]
[Source "ChessBase"]
[SourceDate "2013.06.25"]
[SourceVersion "2"]
[SourceVersionDate "2013.06.25"]
[SourceQuality "1"]

1. d4 Nf6 2. c4 e6 3. Nc3 Nc6 4. Nf3 Bb4 5. Qc2 d6 6. e4 e5 7. d5 Bxc3+ 8. Qxc3 Nb8 9. Qc2 0-0 10. Be2 Nbd7 11. 0-0 a5 12. Ne1 Nc5 13. f3 Qe7 14. Be3 b6 15. b3 Bd7 16. Rb1 Nh5 17. a3 f5 18. b4 axb4 19. axb4 Nb7 20. exf5 Bxf5 21. Bd3 Bxd3 22. Nxd3 Qf7 23. Qb3 Qg6 24. c5 bxc5 25. bxc5 Nd8 26. cxd6 cxd6 27. Nf2 Rxf3 28. Kh1 Rf8 29. Qc4 Nf4 30. Bxf4 Rxf4 31. Qe2 h6 32. h3 Kh7 33. Ng4 Rxf1+ 34. Qxf1 Rc8 35. Rb6 Qg5 36. Qd3+ Kg8 37. Rxd6 Nf7 38. Rg6 Qf4 39. g3 Qc1+ 40. Kg2 Qc2+ 41. Qxc2 Rxc2+ 42. Kf3 1/2-1/2

[Event "Odense Andersen op"]
[Site "Odense"]
[Date "2013.05.10"]
[Round "4"]
[White "Bromann, Thorbjorn"]
[Black "Pedersen, Henrik Bolding"]
[Result "1-0"]
[WhiteElo "2368"]
[BlackElo "2125"]
[PlyCount "87"]
[EventDate "2013.05.08"]
[EventType "swiss"]
[EventRounds "9"]
[EventCountry "DEN"]
[SourceTitle "CBM 154 Extra"]
[Source "ChessBase"]
[SourceDate "2013.06.25"]
[SourceVersion "2"]
[SourceVersionDate "2013.06.25"]
[SourceQuality "1"]

1. e4 c6 2. d4 d5 3. f3 e5 4. dxe5 Bc5 5. Nc3 Ne7 6. Bd3 0-0 7. Nge2 Ng6 8. exd5 Nxe5 9. Bf4 Qh4+ 10. Bg3 Qf6 11. Qd2 Nxd3+ 12. cxd3 Bf5 13. d4 Bb4 14. a3 Ba5 15. 0-0 cxd5 16. b4 Bb6 17. Nxd5 Qd8 18. Nxb6 Qxb6 19. Bf2 Nd7 20. d5 Qg6 21. Rac1 Ne5 22. Bg3 Qb6+ 23. Kh1 Nd7 24. Nd4 Bg6 25. Nb3 Rfe8 26. Nc5 Rad8 27. d6 Nxc5 28. bxc5 Qb5 29. Rfe1 f6 30. a4 Qc6 31. Qa5 a6 32. Qc7 Qd7 33. Rxe8+ Bxe8 34. Rb1 Rc8 35. Qxd7 Bxd7 36. Rxb7 Rxc5 37. h4 Bxa4 38. d7 Bxd7 39. Rxd7 Rc6 40. Kh2 Rb6 41. Rd6 Rxd6 42. Bxd6 Kf7 43. Kg3 Ke6 44. Bf8 1-0

[Event "Odense Andersen op"]
[Site "Odense"]
[Date "2013.05.09"]
[Round "2"]
[White "Carstensen, Jacob"]
[Black "Pedersen, Henrik Bolding"]
[Result "1-0"]
[WhiteElo "2381"]
[BlackElo "2125"]
[PlyCount "59"]
[EventDate "2013.05.08"]
[EventType "swiss"]
[EventRounds "9"]
[EventCountry "DEN"]
[SourceTitle "CBM 154 Extra"]
[Source "ChessBase"]
[SourceDate "2013.06.25"]
[SourceVersion "2"]
[SourceVersionDate "2013.06.25"]
[SourceQuality "1"]

1. d4 g6 2. e4 c5 3. d5 Bg7 4. c4 b5 5. cxb5 a6 6. Nc3 d6 7. Nf3 Nf6 8. a4 0-0 9. Bf4 Nh5 10. Bd2 Nd7 11. Be2 axb5 12. axb5 Bb7 13. 0-0 Rxa1 14. Qxa1 Qc7 15. Qb1 Ra8 16. Rc1 Nb6 17. Be3 e6 18. dxe6 fxe6 19. Ng5 Qe7 20. Bg4 Bc8 21. Bxh5 gxh5 22. Qd3 Bb7 23. Rd1 h6 24. Nh3 d5 25. exd5 exd5 26. Qg6 Nc4 27. Bxh6 Nxb2 28. Ng5 Qe5 29. Qf7+ Kh8 30. Qxb7 1-0

[Event "DEN-ch1A"]
[Site "Helsingor"]
[Date "2013.03.23"]
[Round "1"]
[White "Damborg, Benny Falck"]
[Black "Pedersen, Henrik Bolding"]
[Result "0-1"]
[WhiteElo "1959"]
[BlackElo "2136"]
[PlyCount "64"]
[EventDate "2013.03.23"]
[EventType "swiss"]
[EventRounds "5"]
[EventCountry "DEN"]
[SourceTitle "EXT 2014"]
[Source "ChessBase"]
[SourceDate "2013.11.20"]
[SourceVersion "1"]
[SourceVersionDate "2013.11.20"]
[SourceQuality "1"]

1. e4 c5 2. Nf3 g6 3. d4 cxd4 4. Nxd4 Bg7 5. Be3 Nc6 6. Nc3 Nf6 7. f3 0-0 8. Qd2 d5 9. exd5 Nxd5 10. Nxc6 bxc6 11. Nxd5 cxd5 12. 0-0-0 Rb8 13. c3 Be6 14. Bd4 Qa5 15. a3 Bf5 16. Qf4 f6 17. Qe3 Qa4 18. Bd3 Qb3 19. Rd2 Bh6 20. Qxh6 Bxd3 21. Qe3 Bf5 22. Re1 Qa2 23. Kd1 Rxb2 24. Rxb2 Qxb2 25. Qc1 Qxg2 26. Rxe7 Qxf3+ 27. Ke1 Qh1+ 28. Kd2 Qxh2+ 29. Ke1 Rb8 30. Bxf6 Rb1 31. Qxb1 Bxb1 32. Rb7 Bd3 0-1

[Event "Hillerod NSU op-A"]
[Site "Hillerod"]
[Date "2013.01.06"]
[Round "5"]
[White "Erlandsen, Carsten"]
[Black "Pedersen, Henrik Bolding"]
[Result "1/2-1/2"]
[WhiteElo "2108"]
[BlackElo "2139"]
[PlyCount "36"]
[EventDate "2013.01.04"]
[EventType "swiss"]
[EventRounds "5"]
[EventCountry "DEN"]
[SourceTitle "EXT 2018"]
[Source "ChessBase"]
[SourceDate "2017.10.13"]
[SourceVersion "1"]
[SourceVersionDate "2017.10.13"]
[SourceQuality "1"]

1. d4 Nf6 2. c4 e6 3. Nf3 Bb4+ 4. Bd2 Qe7 5. g3 Nc6 6. Bg2 Bxd2+ 7. Nbxd2 0-0 8. 0-0 d6 9. Rc1 e5 10. e3 a5 11. Qc2 g6 12. a3 Bf5 13. Qc3 a4 14. Ne1 Rfe8 15. Nd3 exd4 16. exd4 Bxd3 17. Qxd3 Qe2 18. Qc3 Qg4 1/2-1/2

[Event "Hillerod NSU op-A"]
[Site "Hillerod"]
[Date "2013.01.05"]
[Round "3"]
[White "Jakobsen, Peter"]
[Black "Pedersen, Henrik Bolding"]
[Result "1-0"]
[WhiteElo "2255"]
[BlackElo "2139"]
[PlyCount "109"]
[EventDate "2013.01.04"]
[EventType "swiss"]
[EventRounds "5"]
[EventCountry "DEN"]
[SourceTitle "EXT 2018"]
[Source "ChessBase"]
[SourceDate "2017.10.13"]
[SourceVersion "1"]
[SourceVersionDate "2017.10.13"]
[SourceQuality "1"]

1. d4 Nf6 2. c4 e5 3. dxe5 Ng4 4. Bf4 Bb4+ 5. Nd2 Nc6 6. Ngf3 Qe7 7. e3 Ngxe5 8. Nxe5 Nxe5 9. Be2 0-0 10. 0-0 Ng6 11. Bg3 Bd6 12. Bxd6 Qxd6 13. Qc2 b6 14. Rad1 Bb7 15. Bf3 Bxf3 16. Nxf3 Qe7 17. Nd4 Rfe8 18. Nf5 Qe6 19. c5 bxc5 20. Qxc5 d6 21. Qc2 Ne7 22. Nxe7+ Rxe7 23. b3 Qe4 24. Qxe4 Rxe4 25. Rc1 c5 26. Rfd1 a5 27. Rxd6 a4 28. g3 axb3 29. axb3 Rb4 30. Rxc5 Rxb3 31. Rc7 Rb5 32. Rdd7 Rf8 33. Kg2 Rbb8 34. g4 Rbd8 35. f4 g6 36. Kf3 Rxd7 37. Rxd7 Ra8 38. f5 Kg7 39. e4 Ra3+ 40. Kf4 Ra2 41. e5 Ra4+ 42. Kf3 gxf5 43. gxf5 Ra5 44. Kf4 Kf8 45. f6 Ke8 46. Re7+ Kf8 47. Rb7 Ke8 48. Rb8+ Kd7 49. Rf8 Ke6 50. Re8+ Kd5 51. e6 Ra4+ 52. Kg5 h6+ 53. Kxh6 Ra7 54. exf7 Rxf7 55. Kg6 1-0

[Event "Copenhagen Bronshoj op"]
[Site "Copenhagen"]
[Date "2012.02.11"]
[Round "2"]
[White "Nordenbaek, Jan"]
[Black "Pedersen, Henrik Bolding"]
[Result "1/2-1/2"]
[WhiteElo "2252"]
[BlackElo "2112"]
[PlyCount "73"]
[EventDate "2012.02.10"]
[EventType "swiss"]
[EventRounds "7"]
[EventCountry "DEN"]
[SourceTitle "EXT 2015"]
[Source "ChessBase"]
[SourceDate "2014.11.20"]
[SourceVersion "1"]
[SourceVersionDate "2014.11.20"]
[SourceQuality "1"]

1. Nf3 Nf6 2. c4 e6 3. d4 Bb4+ 4. Bd2 Qe7 5. a3 Bxd2+ 6. Qxd2 d6 7. Nc3 0-0 8. g3 e5 9. Bg2 Bg4 10. d5 a5 11. 0-0 Na6 12. Qc2 Rfe8 13. Rab1 g6 14. Rfd1 Nc5 15. Nd2 a4 16. h3 Bf5 17. e4 Bc8 18. Na2 h5 19. Nb4 h4 20. Nd3 Nfd7 21. Kh2 Kg7 22. Qc3 Nxd3 23. Qxd3 Nc5 24. Qe3 Rh8 25. g4 g5 26. Nf3 f6 27. Bf1 Bd7 28. Bd3 Rhb8 29. Rg1 Rh8 30. Bc2 b6 31. Qd2 Qd8 32. Ne1 Qe7 33. Ng2 Qe8 34. Ne3 Kf7 35. Nf5 Bxf5 36. gxf5 Ke7 37. Rg4 1/2-1/2

[Event "Politiken Cup 33rd"]
[Site "Helsingor"]
[Date "2011.08.04"]
[Round "7"]
[White "Pedersen, Henrik Bolding"]
[Black "Johansen, Stian"]
[Result "0-1"]
[WhiteElo "2146"]
[BlackElo "1961"]
[PlyCount "103"]
[EventDate "2011.07.30"]
[EventType "swiss"]
[EventRounds "10"]
[EventCountry "DEN"]
[SourceTitle "CBM 143 Extra"]
[Source "ChessBase"]
[SourceDate "2011.08.29"]
[SourceVersion "1"]
[SourceVersionDate "2011.08.29"]
[SourceQuality "1"]

1. e4 g6 2. Nc3 Bg7 3. f4 d6 4. Nf3 e5 5. Bc4 Nc6 6. 0-0 Be6 7. Bb5 a6 8. Bxc6+ bxc6 9. fxe5 dxe5 10. d3 h6 11. Qe1 Nf6 12. Be3 Nh5 13. Bc5 g5 14. g3 Bf6 15. Nd2 Rg8 16. Nc4 Rg6 17. Nd1 Bh3 18. Rf2 Qd7 19. Qc3 Qe6 20. Nde3 Nf4 21. Qb3 Qd7 22. Qb7 Rd8 23. Nf5 Bxf5 24. exf5 Nh3+ 25. Kf1 Rg8 26. Ne3 Nxf2 27. Kxf2 Be7 28. Bxe7 Kxe7 29. Qxa6 f6 30. Qc4 Kf8 31. a4 Kg7 32. a5 Ra8 33. g4 h5 34. h3 hxg4 35. hxg4 Rh8 36. a6 Qd4 37. Qxd4 exd4 38. Nf1 Rhb8 39. Ra4 c5 40. b3 Rb6 41. Ra5 Raxa6 42. Rxc5 Rc6 43. Rd5 Rxc2+ 44. Kf3 c5 45. Ng3 Kf8 46. Ne4 Ra1 47. Nxc5 Rf1+ 48. Kg3 Rg1+ 49. Kf3 Rf1+ 50. Kg3 Re1 51. Ne6+ Ke7 52. Rxd4 0-1